| 000 | 00987cam a2200277 a 4500 | ||
|---|---|---|---|
| 001 | 2070 | ||
| 005 | 20250502090323.0 | ||
| 020 | _a9780590303842 | ||
| 040 |
_aDLC _cDLC _dDLC _beng |
||
| 050 | 0 | 0 | _aPZ7.B2752 |
| 082 | 0 | 0 | _a551.6 |
| 100 | 1 | _aBarrett, Judi | |
| 245 | 1 | 0 |
_aCloudy with a chance of meatballs / _cwritten by Judi Barrett and drawn by Ron Barrett. |
| 250 | _aFirst Scholastic printing, May 1993 | ||
| 260 |
_aNew York : _bAladdin Books ; _aLondon : _bCollier Macmillan, _c1978 |
||
| 300 |
_a32 pages : _c22 x 25 cm |
||
| 505 | _aK | ||
| 520 | _aLife is delicious in the town of Chewandswallow where it rains soup and juice, snows mashed potatoes, and blows storms of hamburgers--until the weather takes a turn for the worse. | ||
| 521 |
_a600 _bLexile estimate |
||
| 521 |
_aK _bRaz-Plus |
||
| 650 | 1 |
_aWeather _xFiction. |
|
| 650 | 1 |
_aFood _xFiction. |
|
| 700 | 1 |
_aBarrett, Ron _eillustrator |
|
| 906 |
_a7 _bcbc _corignew _d1 _eocip _f19 _gy-gencatlg |
||
| 942 |
_2ddc _cBK _n0 |
||
| 999 |
_c2070 _d2070 |
||